| LEADER | 02585nam a2200361 i 4500 | ||
|---|---|---|---|
| 003 | GR-PaULI | ||
| 005 | 20240617122757.0 | ||
| 008 | 190508t2018 gr a|||g |||| 001 0 gre d | ||
| 952 | |0 0 |1 0 |2 ddc |4 0 |6 530_000000000000000_GIA |7 0 |9 231833 |a LISP |b LISP |c BSC |d 2019-05-08 |i 139430 |l 0 |o 530 GIA |p 025000261123 |r 2019-05-08 00:00:00 |t 1 |v 2019.00 |w 2019-05-08 |y BK15 | ||
| 952 | |0 0 |1 0 |2 ddc |4 0 |6 530_000000000000000_GIA |7 0 |9 231834 |a LISP |b LISP |c BSC |d 2019-05-08 |i 139431 |l 6 |o 530 GIA |p 025000261122 |r 2025-02-21 17:20:03 |s 2025-02-06 |t 2 |v 2019.00 |w 2019-05-08 |y BK15 | ||
| 952 | |0 0 |1 0 |2 ddc |4 0 |6 530_000000000000000_GIA |7 1 |9 249668 |a LISK |b LISK |c EUD |d 2021-01-17 |e 24 |f 0 |g 0.00 |l 0 |o 530 GIA |p 99241000067531 |r 2021-01-17 00:00:00 |t 1 |w 2021-01-17 |y BKN |x Purchase/Donation Number |x General Note |x GrPaTEI | ||
| 952 | |0 0 |1 0 |2 ddc |4 0 |6 530_000000000000000_GIA |7 0 |9 324078 |a MSLG |b MSLG |c EUD |d 2021-03-16 |i 29424 |l 0 |o 530 GIA |p 992420029424 |r 2021-03-16 00:00:00 |t 3 |v 2021.00 |w 2021-03-16 |y BK15 | ||
| 952 | |0 0 |1 0 |2 ddc |4 0 |6 530_000000000000000_GIA |7 0 |9 324080 |a MSLG |b MSLG |c EUD |d 2021-03-16 |i 29567 |l 0 |o 530 GIA |p 992420029567 |r 2021-03-16 00:00:00 |t 4 |v 2021.00 |w 2021-03-16 |y BK15 | ||
| 952 | |0 0 |1 0 |2 ddc |4 0 |6 530_000000000000000_GIA |7 0 |9 354176 |a MSLG |b MSLG |c EUD |d 2022-01-12 |i 29659 |l 2 |m 1 |o 530 GIA |p 992420029659 |r 2025-02-25 11:19:42 |s 2025-02-05 |t 5 |w 2022-01-12 |y BK15 | ||
| 999 | |c 140854 |d 140854 | ||
| 020 | |a 9789604187294 | ||
| 040 | |a GR-PaULI |b gre |c GR-PaULI |e AACR2 | ||
| 041 | 1 | |a gre |h eng | |
| 082 | 0 | 4 | |2 23 |a 530 |
| 100 | 1 | |9 62362 |a Giancoli, Douglas C. |e συγγραφέας. | |
| 245 | 1 | 0 | |a Φυσική : |b αρχές και εφαρμογές / |c Douglas C. Giancoli ; επιστημονική επιμέλεια Αλέξανδρος Κεχαγιάς , Κωνσταντίνος Σφέτσος, Γεώργιος Τσιπολίτης ; μετάφραση Αθανάσιος Ι. Μάργαρης. |
| 260 | |a Αθήνα : |b Τζιόλας, |c c2018. | ||
| 300 | |a xviii., 1162, [4] σ. : |b εικ. ; |c 30 εκ. | ||
| 500 | |a Περιλαμβάνει ευρετήριο. | ||
| 500 | |a 7η αμερικανική έκδοση. | ||
| 650 | 4 | |9 2689 |a Φυσική | |
| 700 | 1 | |9 92986 |a Κεχαγιάς, Αλέξανδρος |e επιμελητής. | |
| 700 | 1 | |9 140597 |a Σφέτσος, Κωνσταντίνος |e επιμελητής. | |
| 700 | 1 | |9 148363 |a Τσιπολίτης, Γιώργος |e επιμελητής. | |
| 700 | 1 | |a Μάργαρης, Αθανάσιος Ι. |e μεταφραστής. |9 101608 | |
| 765 | 0 | 8 | |i Μετάφραση του : |t Physics : principles with applications |
| 942 | |2 ddc |c BK15 | ||
| 998 | |c ΛΟΤΣΑΡΗ |d 2019-05 | ||